World Subdivisions: A-Z (Geoguessr Countries) - Statistics

General Stats
  • This quiz has been taken 230 times
  • The average score is 10 of 26
Answer Stats
Hint Answer % Correct
A state but also a country name. Georgia
85%
A state that's in one of Lynyrd Skynyrd's songs titles. Alabama
84%
Literally means "Lower California South". Baja California Sur
83%
State that only has 3 counties. Delaware
76%
This territory borders the state where Mount Denali/McKinley is in. Yukon
76%
Region that surrounds Paris. Ile de France
62%
A Krai known for it's spectacular volcanoes. Has a famous volcano called Klyuchevskaya Sopka. Kamchatka
57%
The northernmost province, only borders Salta Province. Jujuy
47%
The capital city of this state has the lowest state capital population in the country, it's population is about 8000 people. Vermont
47%
The southern part of this Oblast is in the Caparthian Mountains. Some call it the coffee capital of the country. Lviv
43%
This Oblast shares Lake Peipus with Estonia. Pskov
43%
This state has a lagoon called Chilika, you can see Irrawaddy Dolphins there. Chandipur beach, which is also there, has a phenomenon called the "Vanishing Sea". Odisha
34%
This state name is also a country name. Niger
31%
This prefecture is directly south of Osaka. Wakayama
29%
This emirate borders the Musandam Exclave/Peninsula/Governorate in Oman. Ras Al Khaimah
25%
An extremely tall monolith, Peña de Bernal, exists in this state. Queretaro
22%
This region is entirely in a panhandle: The Caprivi Strip. Zambezi
22%
This Governorate inspired a setting in Star Wars. Tataouine
19%
Province that borders Edirne, Tekirdağ, and Balıkesir. Spans across Europe and Asia. Canakkale
18%
Region known as "Heartland of the Serer". Borders Thies and Diourbel Regions. Fatick
12%
This special administrative region was given back to China in 1997. (Type the Chinese pinyin name) Xiang Gang
12%
This is the longest continuous municipality name in this country, borders Akureyri. Svalbardsstrandarhreppur
8%
This provice borders Khovd, Zavkhan, and Bayan-Ölgii. It also borders the Tuva Republic. Uvs
7%
Municipality that's completely surrounded by Ölfus. Hveragerdi
5%
County in the southeastern slope of an extinct stratovolcano, known for tea and coffee production. The volcano is shared by 5 counties. Embu
3%
This province contains 3 islands, one of which, Ambrym, has an active volcano which is on Geoguessr. Malampa
3%
No matching quizzes found
Score Distribution
Percent of People with Each Score
Percentile by Number Answered
Your Score History
You have not taken this quiz